| 000 | 00670nam a2200217Ia 4500 | ||
|---|---|---|---|
| 003 | GCL | ||
| 008 | 140319s9999 xx 000 0 ara d | ||
| 040 |
_aGCL / _cGCL |
||
| 082 | 0 | 4 |
_a843 _bب م |
| 100 | 1 | _aحسن صادق المرصفاوى | |
| 245 | 1 | 0 |
_aمصلح البيانو الضرير / _cحسن صادق المرصفاوى |
| 700 | 1 | _aبريلو، مارسيل | |
| 300 | _a135 ص | ||
| 490 |
_aالالف كتاب _v0 |
||
| 650 | 0 | 4 | _aالادب |
| 650 | 0 | 4 | _aالادب الفرنسى |
| 650 | 0 | 4 | _aالدباغة |
| 650 | 0 | 4 | _aالقصص الفرنسية المترجمة |
| 650 | 0 | 4 | _aالقصص الفرنسية القصيرة |
| 942 |
_2ddc _cBK |
||
| 999 |
_c45539 _d45539 |
||